LIBRARY & INFORMATION CENTRE, KCAET, TAVANUR

ONLINE PUBLIC ACCESS CATALOGUE (OPAC)

Commercial utilization of Jackfruit seed (Record no. 15722)

MARC details
000 -LEADER
fixed length control field 00458nam a22001697a 4500
003 - CONTROL NUMBER IDENTIFIER
control field OSt
082 ## - DEWEY DECIMAL CLASSIFICATION NUMBER
Classification number 664
Item number AAR/CO
088 ## - REPORT NUMBER
Report number P 455
100 ## - MAIN ENTRY--AUTHOR NAME
Personal name Aarcha Vallath
100 ## - MAIN ENTRY--AUTHOR NAME
Personal name Amrutha K P
100 ## - MAIN ENTRY--AUTHOR NAME
Personal name Basil M
100 ## - MAIN ENTRY--AUTHOR NAME
Personal name Harikrishnan M P
245 ## - TITLE STATEMENT
Title Commercial utilization of Jackfruit seed
260 ## - PUBLICATION, DISTRIBUTION, ETC. (IMPRINT)
Place of publication Tavanur
Name of publisher Department of Processing and Food Engineering
Year of publication 2019
700 ## - ADDED ENTRY--PERSONAL NAME
Personal name George Mathew (Guide)
942 ## - ADDED ENTRY ELEMENTS (KOHA)
Koha item type Project Report
Holdings
Collection code Home library Current library Shelving location Full call number Accession Number Koha item type
Reference KAUAET KAUAET Reference 664 AAR/CO P 455 Project Report
free website counter